[Event "DVM U14 2022"]
[Site "Kelheim GER"]
[Date "2022.12.28"]
[Round "4"]
[White "Borchert, Yuri"]
[Black "Staat, Christian"]
[Result "1-0"]
[Termination "normal"]
[Board "7.4"]
[WhiteElo "1182"]
[BlackElo "1260"]
[WhiteClock "00:42:02"]
[BlackClock "00:00:38"]
[WhiteTeam "SC Borussia Lichtenberg"]
[BlackTeam "VSG 1880 Offenbach"]
[PlyCount "67"]
[WhiteFideId "34626468"]
[BlackFideId "34608141"]
[EventCountry "GER"]
[EventRounds "7"]
[EventType "team-swiss"]
[EventDate "2022.12.26"]

1. d4 {[%emt 00:00:04]} d5 {[%emt 00:00:19]} 2. Nf3 {[%clk 01:30:27]} {[%emt
00:00:10]} Nf6 {[%clk 01:30:56]} {[%emt 00:00:04]} 3. e3 {[%clk 01:30:48]}
{[%emt 00:00:08]} e6 {[%clk 01:31:16]} {[%emt 00:00:11]} 4. Bd3 {[%clk
01:30:36]} {[%emt 00:00:42]} Bd6 {[%clk 01:31:40]} {[%emt 00:00:06]} 5. O-O
{[%clk 01:30:41]} {[%emt 00:00:24]} O-O {[%clk 01:32:01]} {[%emt 00:00:10]} 6.
Nbd2 {[%clk 01:30:45]} {[%emt 00:00:26]} Nbd7 {[%clk 01:32:22]} {[%emt
00:00:09]} 7. e4 {[%clk 01:29:10]} {[%emt 00:02:05]} dxe4 {[%clk 01:31:43]}
{[%emt 00:01:09]} 8. Nxe4 {[%clk 01:29:26]} {[%emt 00:00:13]} Nxe4 {[%clk
01:32:05]} {[%emt 00:00:09]} 9. Bxe4 {[%clk 01:29:50]} {[%emt 00:00:06]} Nf6
{[%clk 01:32:32]} {[%emt 00:00:04]} 10. Bd3 {[%clk 01:30:02]} {[%emt 00:00:17]}
h6 {[%clk 01:30:47]} {[%emt 00:02:16]} 11. c3 {[%clk 01:29:21]} {[%emt
00:01:10]} c6 {[%clk 01:26:27]} {[%emt 00:04:49]} 12. Bd2 {[%clk 01:25:26]}
{[%emt 00:04:26]} Qc7 {[%clk 01:25:43]} {[%emt 00:01:12]} 13. h3 {[%clk
01:22:10]} {[%emt 00:03:48]} Re8 {[%clk 01:24:01]} {[%emt 00:02:11]} 14. Re1
{[%clk 01:19:58]} {[%emt 00:02:42]} Bd7 {[%clk 01:22:07]} {[%emt 00:02:25]} 15.
b4 {[%clk 01:17:39]} {[%emt 00:02:48]} Rad8 {[%clk 01:18:36]} {[%emt 00:04:02]}
16. a4 {[%emt 00:14:31]} b6 {[%clk 01:07:32]} 17. Qb3 {[%clk 01:06:11]} {[%emt
00:09:29]} Re7 {[%clk 00:48:33]} {[%emt 00:19:29]} 18. c4 {[%clk 00:59:34]}
{[%emt 00:07:08]} c5 {[%clk 00:37:14]} {[%emt 00:11:49]} 19. a5 {[%clk
00:49:53]} {[%emt 00:10:11]} Bc6 {[%clk 00:17:49]} {[%emt 00:19:56]} 20. axb6
{[%clk 00:48:37]} {[%emt 00:01:44]} axb6 {[%clk 00:18:05]} {[%emt 00:00:15]}
21. bxc5 {[%clk 00:47:43]} {[%emt 00:01:23]} bxc5 {[%clk 00:18:21]} {[%emt
00:00:14]} 22. Ba5 {[%clk 00:47:55]} {[%emt 00:00:19]} Qd7 {[%clk 00:17:36]}
{[%emt 00:01:16]} 23. Bxd8 {[%clk 00:47:42]} {[%emt 00:00:41]} Qxd8 {[%clk
00:18:02]} {[%emt 00:00:05]} 24. Ne5 {[%clk 00:47:03]} {[%emt 00:01:09]} Bxe5
{[%clk 00:09:42]} {[%emt 00:08:50]} 25. dxe5 {[%clk 00:46:06]} {[%emt
00:01:27]} Nh5 {[%clk 00:09:13]} {[%emt 00:00:59]} 26. Be4 {[%clk 00:45:08]}
{[%emt 00:01:28]} Bxe4 {[%emt 00:08:37]} 27. Rxe4 {[%clk 00:45:35]} g6 {[%clk
00:01:29]} {[%emt 00:00:09]} 28. Ree1 {[%clk 00:43:35]} {[%emt 00:02:30]} Rc7
{[%clk 00:01:11]} {[%emt 00:00:48]} 29. Ra3 {[%clk 00:42:49]} {[%emt 00:01:13]}
Qe7 {[%clk 00:00:36]} {[%emt 00:01:07]} 30. Rea1 {[%clk 00:42:45]} {[%emt
00:00:34]} Nf4 {[%clk 00:00:33]} {[%emt 00:00:34]} 31. Ra8 {[%clk 00:42:29]}
{[%emt 00:00:46]} Kg7 {[%clk 00:00:56]} {[%emt 00:00:07]} 32. Qf3 {[%clk
00:42:50]} {[%emt 00:00:07]} g5 {[%emt 00:00:54]} 33. Rb8 {[%clk 00:42:11]}
{[%emt 00:01:07]} Qd7 {[%clk 00:00:38]} {[%emt 00:00:27]} 34. Raa8 {[%clk
00:42:02]} {[%emt 00:00:39]} 1-0

[Event "DVM U14 2022"]
[Site "Kelheim GER"]
[Date "2022.12.28"]
[Round "4"]
[White "Moldovan, Tatiana"]
[Black "Melestean, Maxim"]
[Result "1-0"]
[Termination "normal"]
[Board "8.1"]
[WhiteElo "1435"]
[BlackElo "1315"]
[WhiteClock "00:26:45"]
[BlackClock "00:32:51"]
[WhiteTeam "SG Königskinder Hohentübingen e.V."]
[BlackTeam "Schachklub König Plauen"]
[PlyCount "65"]
[WhiteFideId "16287398"]
[BlackFideId "16280393"]
[EventCountry "GER"]
[EventRounds "7"]
[EventType "team-swiss"]
[EventDate "2022.12.26"]

1. e4 {[%clk 01:30:46]} {[%emt 00:00:13]} c6 {[%clk 01:30:57]} {[%emt
00:00:04]} 2. c4 {[%clk 01:31:12]} {[%emt 00:00:04]} d5 {[%clk 01:31:20]}
{[%emt 00:00:07]} 3. exd5 {[%clk 01:31:36]} {[%emt 00:00:05]} cxd5 {[%clk
01:31:39]} {[%emt 00:00:11]} 4. cxd5 {[%clk 01:32:01]} {[%emt 00:00:06]} Qxd5
{[%clk 01:32:07]} {[%emt 00:00:02]} 5. Nc3 {[%clk 01:32:22]} {[%emt 00:00:09]}
Qd8 {[%clk 01:32:18]} {[%emt 00:00:19]} 6. d4 {[%clk 01:32:30]} {[%emt
00:00:23]} Nf6 {[%clk 01:32:41]} {[%emt 00:00:07]} 7. Nf3 {[%clk 01:32:35]}
{[%emt 00:00:24]} Bg4 {[%clk 01:33:01]} {[%emt 00:00:11]} 8. Bb5 {[%clk
01:32:55]} {[%emt 00:00:09]} Nbd7 {[%clk 01:33:12]} {[%emt 00:00:19]} 9. O-O
{[%clk 01:33:01]} {[%emt 00:00:25]} a6 {[%clk 01:33:24]} {[%emt 00:00:18]} 10.
Ba4 {[%clk 01:33:23]} {[%emt 00:00:07]} g6 {[%clk 01:29:10]} {[%emt 00:04:45]}
11. h3 {[%clk 01:33:20]} {[%emt 00:00:33]} Bxf3 {[%clk 01:29:11]} {[%emt
00:00:29]} 12. Qxf3 {[%clk 01:33:37]} {[%emt 00:00:12]} b5 {[%clk 01:29:32]}
{[%emt 00:00:09]} 13. Bb3 {[%clk 01:33:57]} {[%emt 00:00:10]} Bg7 {[%clk
01:29:43]} {[%emt 00:00:20]} 14. Re1 {[%clk 01:33:03]} {[%emt 00:01:24]} O-O
{[%clk 01:29:54]} {[%emt 00:00:19]} 15. Bg5 {[%clk 01:31:39]} {[%emt 00:01:53]}
Ra7 {[%clk 01:24:13]} {[%emt 00:06:12]} 16. Rad1 {[%clk 01:30:21]} {[%emt
00:01:48]} h6 {[%clk 01:22:35]} {[%emt 00:02:08]} 17. Bh4 {[%clk 01:28:48]}
{[%emt 00:02:02]} g5 {[%clk 01:22:36]} {[%emt 00:00:29]} 18. Bg3 {[%clk
01:29:09]} {[%emt 00:00:09]} e6 {[%clk 01:11:03]} {[%emt 00:12:04]} 19. Qe3
{[%clk 01:20:39]} {[%emt 00:09:00]} Qb6 {[%clk 01:05:45]} {[%emt 00:05:47]} 20.
Bc2 {[%clk 01:17:52]} {[%emt 00:03:17]} Rc8 {[%clk 01:01:52]} {[%emt 00:04:23]}
21. Re2 {[%clk 01:09:33]} {[%emt 00:08:50]} Qb7 {[%clk 00:56:58]} {[%emt
00:05:24]} 22. Red2 {[%clk 00:53:49]} {[%emt 00:16:13]} Nb6 {[%clk 00:54:06]}
{[%emt 00:03:22]} 23. Bb3 {[%clk 00:50:43]} {[%emt 00:03:36]} Nbd5 {[%clk
00:48:46]} {[%emt 00:05:50]} 24. Nxd5 {[%clk 00:50:03]} {[%emt 00:01:09]} Nxd5
{[%clk 00:49:15]} {[%emt 00:00:02]} 25. Qf3 {[%clk 00:45:33]} {[%emt 00:04:54]}
Rd8 {[%clk 00:44:51]} {[%emt 00:05:01]} 26. h4 {[%clk 00:44:09]} {[%emt
00:01:54]} Nf6 {[%clk 00:38:18]} {[%emt 00:07:02]} 27. d5 {[%clk 00:27:09]}
{[%emt 00:17:30]} Nxd5 {[%clk 00:38:10]} {[%emt 00:00:38]} 28. Bxd5 {[%clk
00:27:16]} {[%emt 00:00:23]} exd5 {[%clk 00:37:55]} {[%emt 00:00:45]} 29. Rxd5
{[%clk 00:26:49]} {[%emt 00:00:57]} Rxd5 {[%clk 00:37:58]} {[%emt 00:00:26]}
30. Rxd5 {[%clk 00:27:09]} {[%emt 00:00:11]} gxh4 {[%clk 00:33:06]} {[%emt
00:05:23]} 31. Rd8 {[%clk 00:26:36]} {[%emt 00:01:02]} Bf8 {[%clk 00:32:25]}
{[%emt 00:01:10]} 32. Qg4 {[%clk 00:26:39]} {[%emt 00:00:28]} Kh7 {[%clk
00:32:51]} {[%emt 00:00:04]} 33. Rxf8 {[%clk 00:26:45]} {[%emt 00:00:24]} 1-0

[Event "DVM U14 2022"]
[Site "Kelheim GER"]
[Date "2022.12.28"]
[Round "4"]
[White "Akladius, Kyrillus"]
[Black "Moldovan, Stela"]
[Result "0-1"]
[Termination "normal"]
[Board "8.2"]
[WhiteElo "1245"]
[BlackElo "1271"]
[WhiteClock "00:27:52"]
[BlackClock "00:56:12"]
[WhiteTeam "Schachklub König Plauen"]
[BlackTeam "SG Königskinder Hohentübingen e.V."]
[PlyCount "70"]
[WhiteFideId "16267036"]
[BlackFideId "16287380"]
[EventCountry "GER"]
[EventRounds "7"]
[EventType "team-swiss"]
[EventDate "2022.12.26"]

1. e4 {[%clk 01:30:59]} c6 {[%clk 01:30:47]} {[%emt 00:00:14]} 2. Nf3 {[%emt
00:00:09]} d5 {[%clk 01:31:12]} 3. Nc3 {[%clk 01:31:52]} {[%emt 00:00:03]} dxe4
{[%clk 01:29:00]} {[%emt 00:02:33]} 4. Nxe4 {[%clk 01:32:19]} {[%emt 00:00:12]}
Nf6 {[%clk 01:29:23]} {[%emt 00:00:07]} 5. Nxf6 {[%clk 01:32:35]} {[%emt
00:00:13]} exf6 {[%clk 01:29:47]} {[%emt 00:00:07]} 6. d4 {[%clk 01:32:53]}
{[%emt 00:00:12]} Bd6 {[%clk 01:28:52]} {[%emt 00:01:25]} 7. Bd3 {[%clk
01:32:40]} {[%emt 00:00:43]} Bg4 {[%clk 01:28:48]} {[%emt 00:00:34]} 8. O-O
{[%clk 01:32:53]} {[%emt 00:00:16]} O-O {[%clk 01:29:08]} {[%emt 00:00:11]} 9.
Be3 {[%clk 01:32:58]} {[%emt 00:00:25]} Qc7 {[%clk 01:29:27]} {[%emt 00:00:10]}
10. h3 {[%clk 01:32:56]} {[%emt 00:00:32]} Bh5 {[%clk 01:29:42]} {[%emt
00:00:15]} 11. Kh1 {[%clk 01:30:36]} {[%emt 00:02:51]} Nd7 {[%clk 01:28:05]}
{[%emt 00:02:07]} 12. Qd2 {[%clk 01:30:18]} {[%emt 00:00:48]} Bg6 {[%clk
01:21:19]} {[%emt 00:07:16]} 13. Rae1 {[%clk 01:24:37]} {[%emt 00:06:10]} Rad8
{[%clk 01:14:51]} {[%emt 00:06:59]} 14. g4 {[%clk 01:19:24]} {[%emt 00:05:43]}
Nb6 {[%clk 01:11:03]} {[%emt 00:04:18]} 15. h4 {[%clk 01:18:10]} {[%emt
00:01:43]} Bxd3 {[%clk 01:11:16]} {[%emt 00:00:18]} 16. Qxd3 {[%clk 01:18:28]}
{[%emt 00:00:12]} Bf4 {[%clk 01:11:31]} {[%emt 00:00:14]} 17. g5 {[%clk
01:18:31]} {[%emt 00:00:28]} Bxe3 {[%clk 01:10:42]} {[%emt 00:01:18]} 18. fxe3
{[%clk 01:18:47]} {[%emt 00:00:14]} Nd7 {[%clk 01:10:42]} {[%emt 00:00:31]} 19.
Rg1 {[%clk 01:16:53]} {[%emt 00:02:23]} Ne5 {[%clk 01:08:12]} {[%emt 00:03:00]}
20. Qe4 {[%clk 01:13:37]} {[%emt 00:03:46]} Nxf3 {[%clk 01:07:55]} {[%emt
00:00:47]} 21. Qxf3 {[%clk 01:14:03]} {[%emt 00:00:05]} fxg5 {[%clk 01:07:03]}
{[%emt 00:01:22]} 22. Rxg5 {[%clk 01:14:22]} {[%emt 00:00:10]} Rd5 {[%clk
01:05:49]} {[%emt 00:01:44]} 23. Rxd5 {[%clk 01:11:59]} {[%emt 00:02:53]} cxd5
{[%clk 01:06:09]} {[%emt 00:00:10]} 24. Qxd5 {[%clk 01:12:21]} {[%emt
00:00:09]} Qxc2 {[%clk 01:06:21]} {[%emt 00:00:17]} 25. Qxb7 {[%clk 01:12:45]}
{[%emt 00:00:06]} Qf2 {[%clk 01:06:43]} {[%emt 00:00:08]} 26. Qb4 {[%clk
01:05:44]} {[%emt 00:07:31]} Qxh4 {[%clk 01:04:44]} {[%emt 00:02:29]} 27. Kg2
{[%clk 01:06:04]} {[%emt 00:00:10]} Rc8 {[%emt 00:01:00]} 28. Kf3 {[%clk
00:59:27]} {[%emt 00:07:06]} Qf6 {[%clk 01:00:03]} {[%emt 00:04:42]} 29. Kg4
{[%clk 00:51:24]} {[%emt 00:08:33]} Qe6 {[%clk 01:00:02]} {[%emt 00:00:29]} 30.
Kf4 {[%clk 00:51:27]} {[%emt 00:00:29]} Qxa2 {[%clk 00:59:38]} {[%emt
00:00:54]} 31. Rc1 {[%clk 00:49:48]} {[%emt 00:02:09]} Rf8 {[%clk 00:59:36]}
{[%emt 00:00:32]} 32. Qb7 {[%clk 00:42:14]} {[%emt 00:08:04]} g6 {[%clk
00:56:39]} {[%emt 00:03:28]} 33. d5 {[%clk 00:42:05]} {[%emt 00:00:38]} Qa4
{[%clk 00:56:31]} {[%emt 00:00:34]} 34. e4 {[%clk 00:41:54]} {[%emt 00:00:45]}
Qd4 {[%clk 00:56:33]} {[%emt 00:00:24]} 35. Qe7 {[%clk 00:27:52]} {[%emt
00:14:35]} Qd2 {[%clk 00:56:12]} {[%emt 00:00:52]} 0-1

[Event "DVM U14 2022"]
[Site "Kelheim GER"]
[Date "2022.12.28"]
[Round "4"]
[White "Moldovan, Tudor"]
[Black "Rühmer, Nico"]
[Result "0-1"]
[Termination "normal"]
[Board "8.3"]
[WhiteElo "1263"]
[BlackElo "1391"]
[WhiteClock "01:21:39"]
[BlackClock "00:19:18"]
[WhiteTeam "SG Königskinder Hohentübingen e.V."]
[BlackTeam "Schachklub König Plauen"]
[PlyCount "112"]
[WhiteFideId "16288203"]
[BlackFideId "34640339"]
[EventCountry "GER"]
[EventRounds "7"]
[EventType "team-swiss"]
[EventDate "2022.12.26"]

1. d4 {[%clk 01:30:54]} {[%emt 00:00:06]} f5 {[%clk 01:30:48]} {[%emt
00:00:12]} 2. Nf3 {[%clk 01:31:03]} {[%emt 00:00:21]} Nf6 {[%clk 01:30:54]}
{[%emt 00:00:23]} 3. e3 {[%clk 01:31:20]} {[%emt 00:00:14]} e6 {[%clk
01:31:08]} {[%emt 00:00:15]} 4. Bd3 {[%clk 01:31:16]} {[%emt 00:00:35]} b6
{[%clk 01:31:06]} {[%emt 00:00:32]} 5. b3 {[%clk 01:31:21]} {[%emt 00:00:24]}
Bb7 {[%clk 01:31:27]} {[%emt 00:00:09]} 6. Bb2 {[%clk 01:31:02]} {[%emt
00:00:49]} Be7 {[%clk 01:31:06]} {[%emt 00:00:50]} 7. Nbd2 {[%clk 01:31:08]}
{[%emt 00:00:24]} O-O {[%clk 01:31:20]} {[%emt 00:00:16]} 8. O-O {[%clk
01:31:25]} {[%emt 00:00:13]} d6 {[%clk 01:29:12]} {[%emt 00:02:38]} 9. Bc4
{[%clk 01:30:14]} {[%emt 00:01:41]} d5 {[%clk 01:28:44]} {[%emt 00:00:59]} 10.
Bd3 {[%clk 01:30:36]} {[%emt 00:00:09]} Ne4 {[%clk 01:27:22]} {[%emt 00:01:51]}
11. Ne5 {[%clk 01:30:25]} {[%emt 00:00:41]} Nd7 {[%clk 01:25:02]} {[%emt
00:02:50]} 12. f4 {[%clk 01:30:38]} {[%emt 00:00:16]} Nxe5 {[%clk 01:24:47]}
{[%emt 00:00:45]} 13. fxe5 {[%clk 01:30:51]} {[%emt 00:00:17]} c5 {[%clk
01:22:27]} {[%emt 00:02:53]} 14. Rf3 {[%clk 01:29:52]} {[%emt 00:01:22]} cxd4
{[%clk 01:19:47]} {[%emt 00:03:15]} 15. exd4 {[%emt 00:00:25]} Bg5 {[%clk
01:19:06]} {[%emt 00:01:08]} 16. Nf1 {[%clk 01:27:43]} {[%emt 00:02:45]} Rc8
{[%clk 01:13:04]} {[%emt 00:06:34]} 17. Rh3 {[%clk 01:27:28]} {[%emt 00:00:45]}
Qe8 {[%clk 01:04:07]} {[%emt 00:09:27]} 18. Ba3 {[%clk 01:24:32]} {[%emt
00:03:27]} Rf7 {[%clk 00:59:41]} {[%emt 00:04:53]} 19. Bxe4 {[%clk 01:24:36]}
{[%emt 00:00:28]} dxe4 {[%clk 00:58:05]} {[%emt 00:02:05]} 20. Qh5 {[%clk
01:19:19]} {[%emt 00:05:48]} h6 {[%clk 00:52:26]} {[%emt 00:06:07]} 21. c4
{[%clk 01:18:14]} {[%emt 00:01:37]} Rd7 {[%clk 00:49:47]} {[%emt 00:03:08]} 22.
Qd1 {[%clk 01:17:51]} {[%emt 00:00:49]} Rcd8 {[%clk 00:49:06]} {[%emt
00:01:16]} 23. Bb2 {[%clk 01:17:50]} {[%emt 00:00:28]} Be7 {[%clk 00:48:13]}
{[%emt 00:01:24]} 24. Qd2 {[%clk 01:15:33]} {[%emt 00:02:44]} Bc5 {[%clk
00:45:00]} {[%emt 00:03:45]} 25. Rg3 {[%clk 01:13:25]} {[%emt 00:02:40]} Kh7
{[%clk 00:41:45]} {[%emt 00:03:44]} 26. Qe2 {[%clk 01:05:39]} {[%emt 00:08:17]}
Bxd4 {[%clk 00:41:04]} {[%emt 00:01:12]} 27. Bxd4 {[%clk 01:05:05]} {[%emt
00:00:07]} Rxd4 {[%clk 00:41:31]} {[%emt 00:00:59]} 28. Rc1 {[%clk 01:04:51]}
{[%emt 00:00:45]} Qe7 {[%clk 00:39:28]} {[%emt 00:02:33]} 29. Qh5 {[%clk
01:04:31]} {[%emt 00:00:44]} Qe8 {[%clk 00:37:17]} {[%emt 00:02:47]} 30. Qh4
{[%clk 01:04:26]} {[%emt 00:00:27]} Bc6 {[%clk 00:32:16]} {[%emt 00:05:38]} 31.
Rh3 {[%clk 00:59:24]} {[%emt 00:05:32]} Rd3 {[%clk 00:30:27]} {[%emt 00:02:20]}
32. Re3 {[%clk 00:57:55]} {[%emt 00:01:59]} Rxe3 {[%clk 00:29:39]} {[%emt
00:01:17]} 33. Nxe3 {[%clk 00:58:16]} {[%emt 00:00:10]} Rd3 {[%clk 00:28:42]}
{[%emt 00:01:26]} 34. Qf2 {[%clk 00:58:26]} {[%emt 00:00:19]} Qd8 {[%clk
00:28:25]} {[%emt 00:00:49]} 35. Nf1 {[%clk 00:57:36]} {[%emt 00:01:20]} Qd4
{[%clk 00:26:28]} {[%emt 00:02:26]} 36. Qxd4 {[%clk 00:57:12]} {[%emt
00:00:55]} Rxd4 {[%clk 00:26:47]} {[%emt 00:00:11]} 37. c5 {[%clk 00:57:39]}
{[%emt 00:00:03]} b5 {[%clk 00:23:02]} {[%emt 00:04:15]} 38. Kf2 {[%clk
00:56:13]} {[%emt 00:01:54]} g5 {[%clk 00:22:19]} {[%emt 00:01:14]} 39. g3
{[%clk 00:54:45]} {[%emt 00:01:59]} Kg6 {[%clk 00:18:37]} {[%emt 00:04:11]} 40.
h3 {[%clk 00:54:40]} {[%emt 00:00:35]} Rd5 {[%clk 00:17:40]} {[%emt 00:01:28]}
41. Rc2 {[%clk 00:53:40]} {[%emt 00:01:30]} Rxe5 {[%clk 00:17:30]} {[%emt
00:00:39]} 42. Ne3 {[%clk 00:52:35]} {[%emt 00:01:36]} f4 {[%clk 00:15:38]}
{[%emt 00:02:21]} 43. gxf4 {[%clk 00:52:57]} {[%emt 00:00:08]} gxf4 {[%clk
00:15:22]} {[%emt 00:00:46]} 44. Ng4 {[%clk 00:53:25]} {[%emt 00:00:02]} e3
{[%clk 00:05:58]} {[%emt 00:09:55]} 45. Ke2 {[%clk 00:53:40]} {[%emt 00:00:15]}
Rd5 {[%clk 00:28:26]} {[%emt 00:08:02]} 46. b4 {[%clk 01:22:32]} {[%emt
00:01:37]} h5 {[%clk 00:26:58]} {[%emt 00:01:59]} 47. Nh2 {[%clk 01:22:28]}
{[%emt 00:00:25]} Rd4 {[%clk 00:24:42]} {[%emt 00:02:55]} 48. Rb2 {[%clk
01:22:03]} {[%emt 00:00:55]} Kg5 {[%clk 00:24:13]} {[%emt 00:00:59]} 49. Nf3
{[%clk 01:22:07]} {[%emt 00:00:26]} Bxf3 {[%clk 00:23:54]} {[%emt 00:00:49]}
50. Kxf3 {[%clk 01:22:25]} {[%emt 00:00:11]} Rc4 {[%clk 00:23:22]} {[%emt
00:01:02]} 51. Rg2 {[%clk 01:22:11]} {[%emt 00:00:44]} Kf5 {[%clk 00:22:47]}
{[%emt 00:01:05]} 52. a3 {[%clk 01:22:01]} {[%emt 00:00:40]} e5 {[%clk
00:20:50]} {[%emt 00:02:27]} 53. Rb2 {[%clk 01:21:44]} {[%emt 00:00:47]} e4
{[%clk 00:20:13]} {[%emt 00:01:07]} 54. Ke2 {[%clk 01:22:05]} {[%emt 00:00:09]}
Rc3 {[%clk 00:19:44]} {[%emt 00:01:00]} 55. h4 {[%clk 01:21:37]} {[%emt
00:00:57]} f3 {[%clk 00:19:34]} {[%emt 00:00:40]} 56. Kd1 {[%clk 01:21:39]}
{[%emt 00:00:28]} e2 {[%clk 00:19:18]} {[%emt 00:00:47]} 0-1

[Event "DVM U14 2022"]
[Site "Kelheim GER"]
[Date "2022.12.28"]
[Round "4"]
[White "da Costa Silva, Pepe"]
[Black "Großmann, Moritz"]
[Result "1/2-1/2"]
[Termination "normal"]
[Board "8.4"]
[WhiteElo "1103"]
[BlackElo "1372"]
[WhiteClock "00:31:42"]
[BlackClock "00:15:57"]
[WhiteTeam "Schachklub König Plauen"]
[BlackTeam "SG Königskinder Hohentübingen e.V."]
[PlyCount "58"]
[WhiteFideId "16282000"]
[BlackFideId "34640266"]
[EventCountry "GER"]
[EventRounds "7"]
[EventType "team-swiss"]
[EventDate "2022.12.26"]

1. e4 {[%clk 01:30:59]} c6 {[%clk 01:30:50]} {[%emt 00:00:10]} 2. Nf3 {[%clk
01:31:18]} {[%emt 00:00:11]} d5 {[%clk 01:31:10]} {[%emt 00:00:10]} 3. exd5
{[%clk 01:30:48]} {[%emt 00:01:00]} cxd5 {[%clk 01:31:29]} {[%emt 00:00:10]} 4.
d4 {[%clk 01:31:09]} {[%emt 00:00:09]} Nf6 {[%clk 01:30:16]} {[%emt 00:01:44]}
5. Nc3 {[%clk 01:30:17]} {[%emt 00:01:21]} g6 {[%clk 01:28:50]} {[%emt
00:01:57]} 6. Bf4 {[%clk 01:27:34]} {[%emt 00:03:13]} Bd7 {[%clk 01:27:54]}
{[%emt 00:01:26]} 7. Nb5 {[%clk 01:25:06]} {[%emt 00:02:58]} Bxb5 {[%clk
01:28:05]} {[%emt 00:00:20]} 8. Bxb5 {[%clk 01:25:27]} {[%emt 00:00:08]} Nc6
{[%clk 01:28:18]} {[%emt 00:00:17]} 9. O-O {[%clk 01:21:41]} {[%emt 00:04:16]}
Qb6 {[%clk 01:26:18]} {[%emt 00:02:29]} 10. Bxc6 {[%clk 01:19:29]} {[%emt
00:02:41]} bxc6 {[%clk 01:26:00]} {[%emt 00:00:49]} 11. b3 {[%clk 01:18:57]}
{[%emt 00:01:03]} Bg7 {[%clk 01:25:12]} {[%emt 00:01:18]} 12. c3 {[%clk
01:15:29]} {[%emt 00:03:58]} O-O {[%clk 01:23:34]} {[%emt 00:02:09]} 13. Qc2
{[%clk 01:13:39]} {[%emt 00:02:18]} e6 {[%clk 01:21:31]} {[%emt 00:02:34]} 14.
Ne5 {[%clk 01:11:16]} {[%emt 00:02:53]} Rfd8 {[%clk 01:21:02]} {[%emt
00:00:59]} 15. Rab1 {[%clk 01:09:13]} {[%emt 00:02:32]} Rac8 {[%clk 01:19:57]}
{[%emt 00:01:35]} 16. Rfc1 {[%clk 01:07:02]} {[%emt 00:02:41]} Qb7 {[%clk
00:50:55]} {[%emt 00:29:33]} 17. Nd3 {[%clk 00:59:57]} {[%emt 00:07:35]} Nd7
{[%clk 00:50:38]} {[%emt 00:00:47]} 18. Qe2 {[%clk 00:53:16]} {[%emt 00:07:11]}
Re8 {[%clk 00:48:43]} {[%emt 00:02:25]} 19. Be5 {[%clk 00:49:43]} {[%emt
00:04:02]} Nxe5 {[%clk 00:48:24]} {[%emt 00:00:50]} 20. Nxe5 {[%clk 00:49:57]}
{[%emt 00:00:16]} c5 {[%clk 00:41:59]} {[%emt 00:06:56]} 21. Qe3 {[%clk
00:40:28]} {[%emt 00:09:58]} cxd4 {[%clk 00:30:32]} {[%emt 00:11:56]} 22. Qxd4
{[%clk 00:38:55]} {[%emt 00:02:03]} Qc7 {[%clk 00:28:55]} {[%emt 00:02:08]} 23.
f4 {[%clk 00:37:48]} {[%emt 00:01:37]} Bxe5 {[%clk 00:16:18]} {[%emt 00:13:07]}
24. Qxe5 {[%clk 00:37:15]} {[%emt 00:01:03]} Qc5 {[%clk 00:16:04]} {[%emt
00:00:43]} 25. Qd4 {[%clk 00:36:37]} {[%emt 00:01:07]} Rc7 {[%clk 00:15:59]}
{[%emt 00:00:33]} 26. Qxc5 {[%clk 00:34:53]} {[%emt 00:02:18]} Rxc5 {[%clk
00:16:22]} {[%emt 00:00:07]} 27. b4 {[%clk 00:35:02]} {[%emt 00:00:21]} Rc4
{[%clk 00:16:45]} {[%emt 00:00:08]} 28. g3 {[%clk 00:33:26]} {[%emt 00:02:07]}
Rec8 {[%clk 00:17:01]} {[%emt 00:00:13]} 29. a4 {[%clk 00:31:42]} {[%emt
00:02:14]} Rxc3 {[%clk 00:15:57]} {[%emt 00:00:48]} 1/2-1/2